Central Library OPAC University of Rajshahi

জর্দান রাজ্য : (Record no. 79318)

MARC details
000 -LEADER
fixed length control field 01765nam a2200265 a 4500
001 - CONTROL NUMBER
RUCL Control Number 79318
003 - CONTROL NUMBER IDENTIFIER
rucl marc code BD-RjUL
005 - DATE AND TIME OF LATEST TRANSACTION
control field 20220206103645.0
008 - FIXED-LENGTH DATA ELEMENTS--GENERAL INFORMATION
fixed length control field 220203s2019bg |||a|||| m||| 00| 0 ben d
035 ## - SYSTEM CONTROL NUMBER
system control number (BD-RjUL)79318
040 ## - CATALOGING SOURCE
Original cataloging agency BD-RjUL
Language of cataloging ben / eng
Transcribing agency BD-RjUL
Modifying agency BD-RjUL
041 ## - LANGUAGE CODE
Language code of Book ben
082 ## - DEWEY DECIMAL CLASSIFICATION NUMBER
Classification number 956.9504
Author mark and Year PAJ 2019
DDC Edition number 23
100 ## - MAIN ENTRY--PERSONAL NAME
Personal name পান্না, মোসা. মাসুমা আখতার
9 (RLIN) 1119
245 ## - TITLE STATEMENT
Title জর্দান রাজ্য :
Remainder of title উদ্ভব, স্হায়িত্ত্ব সংকট ও রাজনীতি (১৯২১-১৯৭১ খ্রি.) /
Statement of responsibility, etc মোসা. মাসুমা আখতার পান্না
Name of Supervisor/Co-Supervisor তত্ত্বাবধায়ক : এ. বি. এম. শাহজাহান
246 ## - VARYING FORM OF TITLE
Title proper/short title The kingdom of Jordan :
Remainder of title Origin, Stability Crisis & politics (1921-1971 A. D.)
260 ## - PUBLICATION, DISTRIBUTION, ETC. (IMPRINT)
Place of publication, distribution, etc রাজশাহী :
Name of publisher, distributor, etc ইসলামের ইতিহাস ও সংস্কৃতি বিভাগ, রাজশাহী বিশ্ববিদ্যালয়,
Date of publication, distribution, etc ২০১৯
300 ## - PHYSICAL DESCRIPTION
Pagination ix, ২১৮ পাতা :
Other physical details চিএ ;
Dimensions ২৯ সেমি.
502 ## - DISSERTATION NOTE
Dissertation note থিসিস (এম. ফিল.) -- ইসলামের ইতিহাস ও সংস্কৃতি বিভাগ, রাজশাহী বিশ্ববিদ্যালয়, ২০১৯
504 ## - BIBLIOGRAPHY, ETC. NOTE
Bibliography, etc গ্রন্থপঞ্জি : পাতা [২০৯]-২১৫
651 ## - SUBJECT ADDED ENTRY--GEOGRAPHIC NAME
Geographic name জর্দান
General subdivision ইতিহাস
Chronological subdivision ১৯২১-১৯৭১ খ্রিষ্টাব্দ
9 (RLIN) 1139
Geographic name Jordan
General subdivision History
Chronological subdivision 1921-1971 A. D.
9 (RLIN) 1140
700 ## - ADDED ENTRY--SUPERVISOR/CO-SUPERVISOR NAME
Personal name শাহজাহান, এ. বি. এম. , তত্ত্বাবধায়ক
9 (RLIN) 1122
942 ## - ADDED ENTRY ELEMENTS (KOHA)
Source of classification or shelving scheme Dewey Decimal Classification
Koha item type Theses
Holdings
Source of classification or shelving scheme Damaged status Not for loan Collection code Permanent Location Current Location Shelving location Date of accession Source of acquisition Full call number Barcode Date last seen Copy number Thesis
Dewey Decimal Classification   Not For Loan Theses Central Library, University of Rajshahi Central Library, University of Rajshahi Documentation Section 22/12/2020 Controller of Exam., R.U BTHE 956.9504 PAJ 2019 D4400 03/02/2022 C-1 Theses